banner-ar

PRACTICAL CATALOGUING : (Record no. 9312)

MARC details
000 -الفاتح
حقل البيانات ثابتة الطول 00645nam a2200229Ia 4500
008 - عناصر البيانات ثابتة الطول - معلومات عامة
حقل البيانات ثابتة الطول 140319s9999 xx 000 0 eng d
020 ## - الرقم الدولى المعيارى للكتب
الرقم الدولى المعيارى للكتاب 8170003598
040 ## - مصدر الفهرسة
وكالة الفهرسة الأصلية GCL /
وكالة النسخ GCL
082 04 - رقم تصنيف ديوى العشرى
رقم التصنيف 025.31
رقم المادة L P
100 1# - المدخل الرئيسى - إسم شخصى
الإسم الشخصى LAI, C .
245 10 - بيان العنوان
العنوان PRACTICAL CATALOGUING :
بقية العنوان ( CLASSIFIED CATALOGUE CODE ) /
بيان المسئوليه,etc LAI, C .
700 1# - المدخل الاضافى - اسم شخصى
الإسم الشخصى KUMAR, K .
260 ## - PUBLICATION, DISTRIBUTION, ETC. (IMPRINT)
تاريخ النشر أو التوزيع 2003
300 ## - الوصف المادى
التعداد 22 CM ؛
أبعاد الوعاء 482 P
650 04 - المدخل الاضافى بالموضوع-مصطلح موضوعى
مصطلح موضوعي LIBRARIES
650 04 - المدخل الاضافى بالموضوع-مصطلح موضوعى
مصطلح موضوعي AUTOMATIC INDEXING
650 04 - المدخل الاضافى بالموضوع-مصطلح موضوعى
مصطلح موضوعي CARD CATALOGS FOR LIBRARIES
650 04 - المدخل الاضافى بالموضوع-مصطلح موضوعى
مصطلح موضوعي LIBRARIES - CATALOGUING
650 04 - المدخل الاضافى بالموضوع-مصطلح موضوعى
مصطلح موضوعي CLASSIFICATION LIBRARY
942 ## - عناصر المدخل الإضافي( كوها)
مصدر التصنيف او مخطط الترفيف Dewey Decimal Classification
Koha [default] item type كتاب
260 ## - PUBLICATION, DISTRIBUTION, ETC. (IMPRINT)
-- الهند :
-- ESS ESS PUBLICATIONS ،
Holdings
حالة التراجع حالة الفقد حالة تلف ليس للاعارة المكان المؤقت الموقع الحالى تاريخ الاكتساب اجمالي اﻻعارات رقم الطلب الباركود تاريخ اخر مشاهدة تاريخ تفعيل السعر نوع وعاء كوها
        مكتبة القاهرة الكبرى مكتبة القاهرة الكبرى 03/26/2014   025.31\L P 19454 03/26/2014 03/26/2014 كتاب

Powered By

EGPV